000 01113nam a2200277Ia 4500
003 OSt
005 20221005103956.0
006 a|||||r|||| 00| 0
007 ta
008 221004b |||||||| |||| 00| 0 hin d
020 _a8179170772 (hbk)
_c325
024 _a100387
037 _b379, 04/03/2010, Swaraj Prakashan
_cTextual
040 _aCRL
_cCRL
_bhin
041 _2hin
_ahin
082 _aV7927,1y7N26x, 152P6
100 _aकास्त्रो, फिदेल
245 0 _aनव उदारवाद का फासीवादी चेहरा
246 _aNav udāravād kā fāsīvādī cheharā
260 _aदिल्ली
_bग्रंथ शिल्पी भारत
_c2006
300 _a216पृ0
_ccm.
650 _aक्यूबा-इतिहास
700 _a गुप्ता, राम किशन, अनु.
942 _hV7927,1y7N26x, 152P6
_cTEXL
_2cc
999 _c1011417
_d1011417